Effective mentoring seven steps to designing & student mentoring programme

Salvato in:
Dettagli Bibliografici
Autore principale: Ghuman, Karminder
Natura: Libro
Lingua:inglese
Pubblicazione: Ane Books Pvt 2019
Tags: Aggiungi Tag
Nessun Tag, puoi essere il primo ad aggiungerne!!

MARC

LEADER 00000nam a22000007a 4500
008 210802b ||||| |||| 00| 0 eng d
020 |a 9789385462870 
100 |a Ghuman, Karminder 
245 |a Effective mentoring  |b seven steps to designing & student mentoring programme  |c  Karminder Ghuman  |g xvi, 164p;ill 
260 |b Ane Books Pvt  |c 2019  |h New Delhi  |i 696501  |i 696502  |l BF637.M45G34  |m Mentoring 
500 |a it includes index 
942 |a lcc  |c BK  |e JOHNSON  |f 02/08/21 
952 |0 0  |1 0  |2 lcc  |4 0  |6 BF0637 M45 G34  |7 0  |9 2910  |a ED  |b HOL  |c AF  |d 2021-08-02  |l 0  |o BF637.M45G34  |p 2021-66588  |r 2021-08-02 00:00:00  |w 2021-08-02  |y BK 
952 |0 0  |1 0  |2 lcc  |4 0  |6 BF0637 M45 G34  |7 0  |9 2911  |a HOL  |b HOL  |c AF  |d 2021-08-02  |l 0  |o BF637.M45G34  |p 2021-66589  |r 2021-08-02 00:00:00  |w 2021-08-02  |y BK 
999 |c 1483  |d 1483